000 00355nam a22001457a 4500
008 210429b ||||| |||| 00| 0 eng d
020 _a9780811432238
041 _aeng
080 _a37
082 _a37
100 _a46
101 _aEDU
245 _aReal Life English a Competency Based ESL Program for Adults
_cJayme A. Goldstein
942 _2udc
_cBK
999 _c57015
_d57015